000 00598nam a2200229Ia 4500
008 160319s9999 xx 000 0 und d
020 _a0-764811738
050 _a241.5
050 _b.Au917h 2004
100 _aAuer, Jim
245 _aHandbook for today's Catholic teen /
245 _cJim Auer.
260 _a Ligouri, MO :
260 _bLigouri Publications.
260 _c2004
300 _a111 pages;
650 _a Catholic Church --
650 _aCatholic youth --
650 _aRELIGION -- Christianity -- Catholic.
650 _xDoctrines.
650 _xReligious life.
999 _c291965
_d291965